[Event "Bayern-ch (Women) 89th"]
[Site "Bad Kissingen"]
[Date "2018.08.28"]
[Round "4"]
[White "Walter, Stefanie"]
[Black "Ludwig, Ines"]
[Result "0-1"]
[WhiteElo "1287"]
[BlackElo "1651"]
[PlyCount "84"]
[EventDate "2018.08.26"]
[EventType "swiss"]
[EventRounds "9"]
[EventCountry "GER"]
[SourceTitle "EXT 2020"]
[Source "ChessBase"]
[SourceDate "2019.10.17"]
[SourceVersion "1"]
[SourceVersionDate "2019.10.17"]
[SourceQuality "1"]

1. d4 d5 2. Bf4 e6 3. Nf3 c6 4. e3 Bd6 5. Ne5 Nf6 6. Nd2 0-0 7. Bd3 Qc7 8. 0-0 Nbd7 9. Ndf3 h6 10. h3 Ne4 11. c4 Nxe5 12. Nxe5 Qd8 13. c5 Bb8 14. Qc2 Bd7 15. Bxe4 dxe4 16. Qxe4 f5 17. Qf3 Rf6 18. Qg3 Be8 19. Qf3 Bxe5 20. Bxe5 Rg6 21. Rfd1 Qh4 22. Bg3 Qe7 23. h4 Rg4 24. Re1 Bh5 25. e4 Qf7 26. b4 Rxe4 27. Qd3 Rxe1+ 28. Rxe1 f4 29. Bh2 Bg6 30. Qf3 Rf8 31. Qh3 Re8 32. Re5 Qf6 33. h5 Bf7 34. Qf3 Rd8 35. Qe4 Rd5 36. Bxf4 Bxh5 37. Rxe6 Qxd4 38. a3 Qa1+ 39. Kh2 Qxa3 40. Qc4 Bf7 41. Re3 Qxe3 42. Qxd5 Qxf4+ 0-1

[Event "Seebach op 23rd"]
[Site "Grossenseebach"]
[Date "2012.06.09"]
[Round "6"]
[White "Hoffmann, Steffen1111"]
[Black "Walter, Stefanie"]
[Result "1/2-1/2"]
[WhiteElo "1031"]
[BlackElo "981"]
[PlyCount "66"]
[EventDate "2012.06.07"]
[EventType "swiss"]
[EventRounds "7"]
[EventCountry "GER"]
[SourceTitle "EXT 2013"]
[Source "ChessBase"]
[SourceDate "2012.11.22"]
[SourceVersion "1"]
[SourceVersionDate "2012.11.22"]
[SourceQuality "1"]

1. e4 c5 2. Nf3 Nc6 3. Nc3 g6 4. d3 Bg7 5. Be3 Nf6 6. d4 cxd4 7. Nxd4 0-0 8. Be2 d6 9. 0-0 e5 10. Nf3 Be6 11. Ng5 h6 12. Nxe6 fxe6 13. Bc4 Qe7 14. a3 Rad8 15. Qd3 Nd4 16. Nb5 Nxb5 17. Bxb5 a6 18. Ba4 d5 19. exd5 Ng4 20. c4 Qh4 21. h3 Nxe3 22. fxe3 Rxf1+ 23. Rxf1 exd5 24. Qxg6 Qxc4 25. Qe6+ Kh8 26. Be8 Qc5 27. Rf7 Qxe3+ 28. Kh2 h5 29. Qg6 Qh6 30. Rf5 Qxg6 31. Bxg6 Rd6 32. Rxh5+ Kg8 33. Bh7+ Kf8 1/2-1/2

[Event "Nuremberg Zabo op 13th"]
[Site "Nuremberg"]
[Date "2011.09.18"]
[Round "4"]
[White "Walter, Stefanie"]
[Black "Wiemann, Daniel"]
[Result "1-0"]
[WhiteElo "810"]
[BlackElo "959"]
[PlyCount "81"]
[EventDate "2011.09.16"]
[EventType "swiss"]
[EventRounds "5"]
[EventCountry "GER"]
[SourceTitle "EXT 2013"]
[Source "ChessBase"]
[SourceDate "2012.11.22"]
[SourceVersion "1"]
[SourceVersionDate "2012.11.22"]
[SourceQuality "1"]

1. e4 e5 2. Nf3 Nc6 3. Bc4 d6 4. 0-0 Be7 5. d3 Nf6 6. h3 a6 7. Nc3 b5 8. Bd5 Nxd5 9. exd5 Nb8 10. Be3 b4 11. Ne4 Bf5 12. c3 Bxe4 13. dxe4 bxc3 14. bxc3 Nd7 15. Qa4 0-0 16. Rab1 Nb6 17. Bxb6 cxb6 18. Qc6 b5 19. Rfc1 Qc8 20. Qxc8 Raxc8 21. Nd2 Bg5 22. Rb2 h6 23. Kf1 Bxd2 24. Rxd2 b4 25. Rdc2 bxc3 26. Rxc3 Rxc3 27. Rxc3 Rb8 28. Ke2 Rb2+ 29. Ke3 Rxa2 30. Rc6 a5 31. Rxd6 a4 32. Rd8+ Kh7 33. d6 a3 34. d7 Ra1 35. Rc8 Re1+ 36. Kd2 a2 37. d8Q a1Q 38. Qh8+ Kg6 39. Rc6+ Kg5 40. Qxg7+ Kf4 41. Qg4# 1-0